000 00763nam a2200229Ia 4500
003 GCL
005 20240530104920.0
008 140319s9999 xx 000 0 ara d
040 _aGCL /
_cGCL
082 0 4 _a398.22
_bد أ
110 0 _aدار الكتب والوثائق القومية
245 1 0 _aالف ليلة وليلة: من المبتدآ الى المنتهى /
_cدار الكتب والوثائق القومية
300 _aمتعدد
490 _aنوادر المطبوعات
_v0
650 0 4 _aالادب الشعبى
650 0 4 _aالتراث الشعبى
650 0 4 _aالقصص الخرافية
650 0 4 _aالف ليلة وليلة
650 0 4 _aالاساطير
650 0 4 _aالقصص الشعبية
942 _2ddc
_cBK
999 _c51749
_d51749